<?xml version="1.0" encoding="UTF-8"?>
<record
    xmlns:xsi="http://www.w3.org/2001/XMLSchema-instance"
    xsi:schemaLocation="http://www.loc.gov/MARC21/slim http://www.loc.gov/standards/marcxml/schema/MARC21slim.xsd"
    xmlns="http://www.loc.gov/MARC21/slim">

  <leader>018350000a22002170004500</leader>
  <datafield tag="020" ind1=" " ind2=" ">
    <subfield code="a">978-84-8169-727-8</subfield>
  </datafield>
  <datafield tag="082" ind1="0" ind2="4">
    <subfield code="a">G 270 C7319p</subfield>
  </datafield>
  <datafield tag="100" ind1="1" ind2=" ">
    <subfield code="a">Comby, Jean</subfield>
  </datafield>
  <datafield tag="245" ind1="1" ind2="0">
    <subfield code="a">Para leer la historia de la iglesia : desde los or&#xED;genes hasta el siglo XXI /  Jean Comby ; traducido por Pedro Barrado y M&#xAA; Pilar Salas</subfield>
  </datafield>
  <datafield tag="250" ind1=" " ind2=" ">
    <subfield code="a">16</subfield>
  </datafield>
  <datafield tag="260" ind1=" " ind2=" ">
    <subfield code="a">Estella, Navarra :  Verbo Divino</subfield>
  </datafield>
  <datafield tag="440" ind1=" " ind2="0">
    <subfield code="a">Col. Para Leer la Historia de la Iglesia ; no. 85</subfield>
  </datafield>
  <datafield tag="500" ind1=" " ind2=" ">
    <subfield code="a">La traducci&#xF3;n ha sido realizada tienendo en cuenta la de Nicol&#xE1;s Darrical de la 15a ed. (2005) \ T&#xED;tulo original frances: Pour lire l'histoire de l'Eglise. Des origenes au XXIe sielogie Chr&#xE9;tienne et de Liturgie</subfield>
  </datafield>
  <datafield tag="505" ind1="0" ind2="0">
    <subfield code="a">Desde los or&#xED;genes hasta el siglo XXI: El nacimiento de la iglesia -- Los cristianos en un mundo que no lo comprende (Siglos I-III) -- Ser cristiano en los primeros siglos (Siglos I-III) -- La iglesia en el imperio cristiano (Siglos IV-V) -- La formaci&#xF3;n del credo (Siglos IV-V) -- Los padres de la iglesia -- La alta edad media -- La cristiandad: los fundamentos de una sociedad (finales del Siglo XI - Siglo XIII) -- Expansi&#xF3;n. Contestaci&#xF3;n y defensa de la cristiandad (Finales del Siglo XI - Siglo XIII) - El oto&#xF1;o de la cristiandad (Siglo XIV-XV) -- Renacimiento y reforma -- Renovaci&#xF3;n cat&#xF3;lica -- La evangelizaci&#xF3;n del mundo -- La iglesia en tiempos de ilustraci&#xF3;n y de revoluci&#xF3;n -- Restauraci&#xF3;n y liberalismo -- Secularizaci&#xF3;n. Defensa religiosa -- Un cristianismo con dimensi&#xF3;n mundial -- El peso de la modernidad -- De la segunda guerra mundial al concilio (1939-1958) -- La iglesia del vaticano (1958-2000) .</subfield>
  </datafield>
  <datafield tag="650" ind1="1" ind2="4">
    <subfield code="a">IGLESIA - HISTORIA \ CRISTIANISMO - HISTORIA</subfield>
  </datafield>
  <controlfield tag="001">843</controlfield>
  <datafield tag="942" ind1=" " ind2=" ">
    <subfield code="c">BK</subfield>
  </datafield>
  <datafield tag="952" ind1=" " ind2=" ">
    <subfield code="0">0</subfield>
    <subfield code="1">0</subfield>
    <subfield code="4">0</subfield>
    <subfield code="7">0</subfield>
    <subfield code="8">GEN</subfield>
    <subfield code="a">FUSBC</subfield>
    <subfield code="b">FUSBC</subfield>
    <subfield code="d">2012-11-19</subfield>
    <subfield code="l">12</subfield>
    <subfield code="m">7</subfield>
    <subfield code="o">G 270 C7319p </subfield>
    <subfield code="p">17433</subfield>
    <subfield code="q">2026-05-12</subfield>
    <subfield code="r">2026-04-25 11:24:21</subfield>
    <subfield code="s">2026-04-25</subfield>
    <subfield code="t">1</subfield>
    <subfield code="w">2016-01-26</subfield>
    <subfield code="y">BK</subfield>
    <subfield code="B">0</subfield>
    <subfield code="C">3</subfield>
  </datafield>
  <datafield tag="999" ind1=" " ind2=" ">
    <subfield code="c">32272</subfield>
    <subfield code="d">32272</subfield>
  </datafield>
  <datafield tag="336" ind1=" " ind2=" ">
    <subfield code="a">texto</subfield>
    <subfield code="b">txt</subfield>
    <subfield code="2">rdacontent</subfield>
  </datafield>
  <datafield tag="337" ind1=" " ind2=" ">
    <subfield code="2">rdamedia</subfield>
    <subfield code="a">sin mediaci&#xF3;n</subfield>
    <subfield code="b">n</subfield>
  </datafield>
  <datafield tag="338" ind1=" " ind2=" ">
    <subfield code="2">rdacarrier</subfield>
    <subfield code="a">volumen</subfield>
    <subfield code="b">nc</subfield>
  </datafield>
</record>
